| 000 | 00573nam a2200217 a 4500 | ||
|---|---|---|---|
| 999 |
_c5283 _d5283 |
||
| 001 | 5283 | ||
| 003 | BD-JhCC | ||
| 005 | 20171212085245.0 | ||
| 008 | 171212s1968 p a|||| || | 001 0 eng d | ||
| 035 | _a(BD-JhCC)5283 | ||
| 040 |
_aBD-JhCC _dBD-JhCC |
||
| 041 | _aeng | ||
| 082 |
_a330.547 _bPAP 1968 |
||
| 100 | _aPapanek, Gustav F. | ||
| 245 |
_aPakistan's Development / _cGustav F. Papanek, |
||
| 260 |
_aKarachi : _bOxford University Press, _c1968. |
||
| 300 |
_a354 p. : _c22 cm. |
||
| 650 |
_aEconomics Conditions _zPakistan |
||
| 942 |
_2ddc _cBK |
||